|
|
|
|
| LEADER |
01003nam a2200289 a 4500 |
| 001 |
000326034 |
| 003 |
CZ BrMZK |
| 005 |
20240527142539.0 |
| 008 |
980115s1995 xr f cze d |
| 040 |
|
|
|a BOA001
|b cze
|
| 072 |
|
7 |
|a 614
|x Veřejné zdraví a hygiena
|2 Konspekt
|9 14
|
| 080 |
|
|
|a 697.9
|2 MRF
|
| 080 |
|
|
|a 614.71
|2 MRF
|
| 080 |
|
|
|a (048.8)
|2 MRF
|
| 245 |
0 |
0 |
|a Přístroje k úpravě vnitřního ovzduší /
|c [A. Lajčíková ... [et al.].
|
| 260 |
|
|
|a Praha :
|b Státní zdravotní ústav,
|c 1995
|
| 300 |
|
|
|a 18 s. ;
|c 21 cm
|
| 490 |
1 |
|
|a Acta hygienica, epidemiologica et microbiologica ;
|v příloha č. 3/1995
|
| 500 |
|
|
|a Bibliogr.
|
| 650 |
0 |
7 |
|a vzduchotechnika
|7 ph116654
|2 czenas
|
| 650 |
0 |
7 |
|a klimatizační technika
|7 ph114913
|2 czenas
|
| 650 |
0 |
7 |
|a hygiena ovzduší
|7 ph120983
|2 czenas
|
| 655 |
|
7 |
|a studie
|7 fd133597
|2 czenas
|
| 700 |
1 |
|
|a Lajčíková, Ariana
|7 jx20060901003
|4 aut
|
| 830 |
|
0 |
|a Acta hygienica, epidemiologica et microbiologica
|
| 910 |
|
|
|a BOA001
|b X-1046.966
|
| 990 |
|
|
|a BK
|